000
00319nam a22001337a 4500
008
181012b xxu||||| |||| 00| 0 eng d
020
_a
9780534214265
041
_a
eng
080
_a
004
100
_a
28
101
_a
SHKI
245
_a
Modeling Experimental and Observational Data
_c
Lunneborg, C.E
942
_2
udc
_c
BK
999
_c
49568
_d
49568